=LDR 00000nam 2200000 4500 =001 000229 =005 20250710115214 =035 ##$$a 0010-0725000047 =007 ta =008 250710################a##########0#ind## =020 ##$$a 978-623-118-891-5 =082 ##$$a 398.209 598 =084 ##$$a 398.209 598 USM b =100 #$$a Usman, Aan Wulandari =245 1#$$a Wasta dan Laba-Laba /$c Aan Wulandari Usman =250 ##$$a edisi kedua =260 ##$$a Jakarta Timur :$b Kementerian Pendidikan, Kebudayaan. Riset, dan Teknologi,$c 2023 =300 ##$$a 24 hlm. : $b ilus. ; $c 29,7 cm$e 398.209 598 =650 #4$$a Cerita Anak-Indonesia =650 #4$$a Kesusastraan Anak =856 ##$$a TBM As Suhada